Odpowiedzi zawierające "króla" - Statystyki

Ogólne statystyki
  • Ten quiz został rozwiązany 1 563 razy
    1 496 od ostatniego zresetowania
  • Średni wynik to 13 z 20
Statystyki odpowiedzi
Wskazówka Odpowiedź % Poprawnych
Restauracja typu fast food, która rozdaje papierowe korony {Burger} King
96%
Gigantyczny goryl z Wyspy Czaszek King {Kong}
93%
Postać z filmu o Simbie i Mufasie Król {Lew}
92%
Król, który jak coś dotknął zmieniało się w złoto Król {Midas}
87%
Pseudonim Michaela Jacksona Król {Popu}
86%
Excalibur był jego mieczem Król {Artur}
81%
„Król Słońce” Francji Król {Ludwik XIV}
79%
Najdłuższy jadowity wąż {Kobra} królewska
78%
Angielski król z 6 żonami Król {Henryk VIII}
78%
„To” i „Lśnienie” to powieści jego autorstwa {Stephen} King
78%
Walczył o zniesienie segregacji rasowej {Martin Luther} King {Jr.}
68%
Król Anglii o lwim sercu Król {Ryszard I}
65%
Smaczny skorupiak o rozpiętości ramion mogącej osiągnąć 2 metry długości {Krab} królewski
64%
Jest autorem większości Księgi Psalmów" Król {Dawid}
61%
Jeden z najwybitniejszych dramatów autorstwa Williama Szekspira Król {Lear}
48%
Dworzec kolejowy w Londynie, skąd odjeżdża pociąg do Hogwartu King's {Cross}
47%
Podpisał Wielką Kartę Swobód Król {Jan bez Ziemi}
29%
Legenda kobiecego tenisa {Billie Jean} King
19%
Król, który zlecił napisanie Biblii w języku angielskim Król {Jakub}
17%
Bluesman z gitarą o imieniu Lucille {Riley Ben} King
15%
Nie znaleziono quizów pasujących do podanych kryteriów
Rozkład punktacji
Procent ludzi z każdym wynikiem
Percentyl według liczby udzielonych odpowiedzi
Twoja historia wyników
Nie rozwiązałeś tego quizu od ostatniego zresetowania